This Law of Ours and other Essays (Record no. 7276)
[ view plain ]
| 000 -LEADER | |
|---|---|
| fixed length control field | 00496 a2200181 4500 |
| 003 - CONTROL NUMBER IDENTIFIER | |
| control field | NUST |
| 038 ## - RECORD CONTENT LICENSOR | |
| Staff Name | Waseem |
| 040 ## - CATALOGING SOURCE | |
| Original cataloging agency | DLC |
| Language of cataloging | DLC |
| 082 ## - DEWEY DECIMAL CLASSIFICATION NUMBER | |
| Classification number | 297 |
| Author Mark | ASA |
| 100 ## - MAIN ENTRY--PERSONAL NAME | |
| Personal name | Muhammad Asad |
| 9 (RLIN) | 322 |
| 245 ## - TITLE STATEMENT | |
| Title | This Law of Ours and other Essays |
| Statement of responsibility, etc. | Muhammad Asad |
| 260 ## - PUBLICATION, DISTRIBUTION, ETC. | |
| Place of publication, distribution, etc. | Gibraltar: |
| Name of publisher, distributor, etc. | Dar Al-Andalus, |
| Date of publication, distribution, etc. | 1993. |
| 300 ## - PHYSICAL DESCRIPTION | |
| Extent | xi, 195 p. ; |
| Dimensions | 24 cm. |
| 500 ## - GENERAL NOTE | |
| General note | Includes Index |
| 563 ## - BINDING INFORMATION | |
| Binding note | HBK. |
| 650 ## - SUBJECT ADDED ENTRY--TOPICAL TERM | |
| Topical term or geographic name entry element | 1.Law--Canada--Juvenile literature.2.Law--Canada. |
| 9 (RLIN) | 83345 |
| 942 ## - ADDED ENTRY ELEMENTS (KOHA) | |
| Koha item type | Book |
| Call number prefix | 340.0971 ASA |
| Source of classification or shelving scheme | |
| Withdrawn status | Lost status | Source of classification or shelving scheme | Damaged status | Not for loan | Permanent Location | Current Location | Shelving location | Date acquired | Source of acquisition | Full call number | Barcode | Date last seen | Price effective from | Koha item type |
|---|---|---|---|---|---|---|---|---|---|---|---|---|---|---|
| Central Library (CL) | Central Library (CL) | General Stacks | 09/29/2003 | Donation | 297 ASA | SEECS003866 | 11/14/2012 | 01/05/2017 | Book |
